00817nam a2200241 a 450000100060000000300080000600500170001400800410003103500190007204000270009104100080011808200280012610000290015424500570018326000330024030000290027350000200030265000280032285600540035094200120040499900170041695201420043366761BD-RjUL20211209081556.0170320s1983 enka 001 0 eng d a(BD-RjUL)66892 aDLCcDLCdBD-RjULbeng aeng00a510.24574223bCAB 19831 aCauston, David R.92353212aA biologist's basic mathematics /cDavid R. Causton. aLondon ;bE. Arnold,cc1983. a216 p. :bill. ;c23 cm. aIncludes index. 0aBiomathematics.9197637 3A Series of student texts in contemporary biology 2ddccBK c66761d66761 00102ddc40718NFICaRUCLbRUCLcReadingd1986-04-02eKarim Int.g7.95l0o510.24574 CAB 1983r2017-03-20 00:00:00tC-1w2017-03-20yBK